Grundlagen der praktischen Information und Dokumentation ein Handbuch zur Einführung in die fachliche Informationsarbeit Bd. 1

Bibliographic Details
Other Authors: Buder, Marianne (Compiler), Rehfeld, Werner (Compiler), Seeger, Thomas (Compiler)
Format: Book
Language:German
PhysicalDescription:32, 672 s. 8°
Published: München K.G. Saur 1990
ISBN:3598212542
Edition:3. völlig neu gefasste Ausg.
Series:DGD-Schriftenteile

MARC

LEADER 00000nam a2200000 a 4500
001 vtls001375557
003 SK-MaSNL
005 20260301011148.0
008 251113s1990 DE 0 ger
020 |a 3598212542 
035 |a SNK000329463 
040 |a SNK  |b slo  |c SNK  |e AACR2 
041 0 |a ger 
044 |a DE 
245 1 |a Grundlagen der praktischen Information und Dokumentation  |b ein Handbuch zur Einführung in die fachliche Informationsarbeit  |n Bd. 1  |c (Hrsg.) Marianne Buder, Werner Rehfeld und Thomas Seeger ; begründet von Klaus Laisiepen, Ernst Lutterbeck und Karl-Heinrich Meyer-Uhlenried 
250 |a 3. völlig neu gefasste Ausg. 
260 |a München  |b K.G. Saur  |c 1990 
300 |a 32, 672 s.  |c 8° 
490 1 |a DGD-Schriftenteile  |v 9 
700 1 |a Buder, Marianne  |4 zos  |9 294115 
700 1 |a Rehfeld, Werner  |4 zos  |9 294116 
700 1 |a Seeger, Thomas  |4 zos  |9 294117 
830 0 |a DGD-Schriftenteile  |9 294118 
919 |a 3-598-21254-2 
958 |a RK 
958 |a OND 
999 |c 550149  |d 552079 
952 |t P60, <04>, [BOOK], {604}  |a SNK  |b SNK  |y VYP  |7 0  |o snkIC 116455/1  |i snkZK 131/91  |0 0  |1 0  |4 0  |d 1999-10-26  |l 0  |r 2005-01-02 00:00:00  |w 2026-02-23